Corona fúnebre de Humberto Solari Cantwell publicada en el primer aniversario de su fallecimiento

I tiakina i:
Ngā taipitopito rārangi puna kōrero
Kaituhi matua: Eliz, Leonardo (Author)
Hōputu: Pukapuka
Reo:Itāriana
Pāniora
I whakaputaina: Valparaíso Societa editrice italiana 1911
Putanga:1a. ed
Ngā marau:
Ngā Tūtohu: Tāpirihia he Tūtohu
Kāore He Tūtohu, Me noho koe te mea tuatahi ki te tūtohu i tēnei pūkete!

MARC

LEADER 00000nam a2200000 a 4500
001 UCJ3452
003 CL-VaPUC
008 070124e19110000CL |||||||||||||||||ita|d
041 0 7 |a ita  |2 CL-VaPUC 
041 0 7 |a spa  |2 CL-VaPUC 
082 0 4 |a 928  |b ELI  |2 21 
100 0 |a Eliz, Leonardo  |e author  |9 505302 
245 1 0 |a Corona fúnebre de Humberto Solari Cantwell publicada en el primer aniversario de su fallecimiento 
250 |a 1a. ed 
300 |a 157 p 
651 0 |a Valparaíso, Chile  |9 261144 
942 |c BK 
945 |d 20070124 00:00:00  |a rinostro 
260 |a Valparaíso  |b Societa editrice italiana  |c 1911 
500 |a Front., fotografía de Humberto Solari C 
600 0 7 |a SOLARI CANTWELL, HUMBERTO  |2 CL-VaPUC  |9 505303 
650 7 |a CORONA FUNEBRE  |2 CL-VaPUC  |9 504468 
650 7 |a BIOGRAFIA  |2 CL-VaPUC  |9 504622 
650 7 |a ITALIANOS  |2 CL-VaPUC  |9 446950 
650 7 |a COLONIAS EXTRANJERAS  |2 CL-VaPUC  |9 328458 
650 0 |a Poesía   |9 265825 
650 0 |a Iconografía   |9 267998 
650 7 |a HOMENAJE  |2 CL-VaPUC  |9 333787 
583 |a last modification  |c 20070124 00:00:00  |k Rodrigo Vera 
999 |c 319574  |d 319572 
952 |0 0  |1 0  |4 0  |6 928_000000000000000_ELI_1911  |7 0  |8 X  |9 397924  |a FDOBUD  |b FDOBUD  |d 2019-11-22  |i 1003585  |o 928 ELI 1911  |p 1003585  |r 2019-11-22  |w 2019-11-22  |y BK_X  |k BUD